| 000 | 00349nam a2200121Ia 4500 | ||
|---|---|---|---|
| 008 | 191201s2019 xx 000 0 und d | ||
| 100 | _aGUPTA, GD AND SHARMA,Shailesh | ||
| 245 | 0 | _aPractical manual of pharmaceutical chemistry I | |
| 260 |
_bNirali _aNew Delhi _c2019 |
||
| 300 | _a88 | ||
| 650 | _aPharmaceutical Inorganic Chemistry | ||
| 942 |
_2ddc _cBK |
||
| 999 |
_c8307 _d8307 |
||